000
00319nam a2200109Ia 4500
008
200302s9999 xx 000 0 und d
100
_a
Aaron Betsky
245
_a
Landscrapers Building With the Land Fascinating and Provocative the Architect's Journal
260
_b
Thames and Hudson Ltd.
260
_c
2005
300
_a
191
999
_c
3386
_d
3386